00421cam a22001457a 4500008004000000082002200040100001600062245006400078260006300142300001000205500002500215650001000240650001000250650001500260180718b1993 xxu||||| |||| 00| 0 eng d aAPPPA 1992-93 NAT aNath, Bhola aControl of illicit traffic in narcotic drugscby Bhola Nath aNew DelhibIndian Institute of Public Administrationc1993 a104p. aAPPPA Thesis 1992-93 aAPPPA aDrugs aDrug Abuse